La enseñanza en la escuela maternal y en el jardin de infantes

保存先:
書誌詳細
第一著者: Leeper, Sarah Hammond (著者)
フォーマット: 図書
言語:スペイン語
出版事項: Buenos Aires Librería del Colegio 1970
シリーズ:Nueva Pedagogía, 22
主題:
タグ: タグ追加
タグなし, このレコードへの初めてのタグを付けませんか!

MARC

LEADER 00000nam a2200000 a 4500
001 UCU1021
003 CL-VaPUC
008 960329e19700000AG |||||||||||||||||spa|d
082 0 4 |a 372.21  |b LEE  |2 21 
100 0 |a Leeper, Sarah Hammond  |e author  |9 489559 
245 1 3 |a La enseñanza en la escuela maternal y en el jardin de infantes 
300 |a 44 p 
942 |c BK 
945 |d 19960329 00:00:00  |a lriquelm 
260 |a Buenos Aires  |b Librería del Colegio  |c 1970 
650 0 |a Educación preescolar  |9 260381 
650 7 |a EDUCACION FAMILIAR  |2 CL-VaPUC  |9 309569 
650 7 |a JARDIN INFANTIL  |2 CL-VaPUC  |9 308724 
650 7 |a CURRICULO PREBASICO  |2 CL-VaPUC  |9 489560 
583 |a last modification  |c 19960329 00:00:00  |k Rodrigo Vera 
490 0 |a Nueva Pedagogía, 22 
999 |c 311538  |d 311536 
952 |0 0  |1 0  |4 0  |6 372_210000000000000_LEE_1970  |7 0  |8 P  |9 380987  |a BIBEDU  |b BIBEDU  |c BIBEDU_PB  |d 2019-11-21  |i 1639838  |o 372.21 LEE 1970  |p 1639838  |r 2024-01-25  |w 2019-11-21  |y BK  |k EDU